Statistics for Answers Are One of 26 Alphabets Quiz

Click here to take the quiz!

General Stats

  • This quiz has been taken 83 times
  • The average score is 11 of 26

Answer Stats

HintAnswer% Correct
President John _ KennedyF
100%
Discovered by Wilhelm Roentgen; _-rayX
96%
A type of shirt, usually with round neckline and short sleevesT
94%
The dollar sign is represented with a stroke on this letterS
90%
First-person singular subject pronoun in EnglishI
88%
German submarines; _ - boatU
88%
50 in Roman NumeralsL
86%
The note used as standard for tuning in orchestraA
61%
One of magnetic poles. The earth has this magnetic pole near AntarcticaN
57%
The symbol for one the most common units of digital informationB
51%
Unit symbol for absolute temperatureK
43%
An adventure film released in 2016 ; "The Lost City of _"Z
39%
Used in the most famous symbol of Freemasonry, "Square and Compasses"G
35%
Most common blood type in the world, in the most important classification systemO
31%
Main character of a manga named "One Piece"; Monkey _ LuffyD
20%
The first signal from an earthquake; _- waveP
20%
One of the spectral type of stars; Betelgeuse is classified as this typeM
18%
The number 2 in American sign languageV
16%
Represent the constant which determines the rate of cosmic expansionH
12%
Landolt ringC
10%
Represents Polar climate in Köppen climate classificationE
8%
The only letter not used as initial letter of elements on periodic table in GermanJ
8%
Name of a commune in Sonme, France, or former name of a town in AlaskaY
6%
Represents gas constantR
4%
World Heritage Site in Niger; _ National ParkW
4%
Novel written by Chinese writer Lu Xun ; "The True Story of Ah _"Q
2%

Score Distribution

Percentile by Number Answered

Percent of People with Each Score

Your Score History

You have not taken this quiz